Städte mit dem meisten Wolkenkratzern - Statistiken

Allgemein
  • Dieses Quiz wurde 83 mal gespielt
    10 seit der letzten Aktualisierung
  • Das Durchschnittsergebnis liegt bei 13 aus 29
Antwortstatistiken
# Kontinent Stadt % Korrekt
67 Asien Peking
88%
194 Asien Shanghai
88%
176 Asien Tokio
88%
138 N. Amerika Chicago
75%
263 Asien Dubai
75%
179 Asien Kuala Lumpur
75%
319 N. Amerika New York City
75%
86 Asien Seoul
75%
116 Asien Bangkok
63%
558 Asien Hong Kong
63%
77 Ozeanien Melbourne
63%
169 Asien Wuhan
63%
195 Asien Guangzhou
50%
114 Asien Jakarta
50%
64 N. Amerika Miami
50%
102 Asien Mumbai
50%
415 Asien Shenzhen
50%
95 N. Amerika Toronto
50%
145 Asien Chongqing
38%
98 Asien Singapur
38%
67 N. Amerika Panama Stadt
25%
127 Asien Chengdu
13%
73 Asien Nanjing
13%
100 Asien Shenyang
13%
76 Asien Tianjin
13%
77 Asien Busan
0%
66 Asien Changsha
0%
84 Asien Hangzhou
0%
91 Asien Nanning
0%
Keine übereinstimmenden Quizze gefunden
Verteilung der Resultate
Anzahl Personen mit jedem Resultat
Perzentil nach korrekt beantworteten Fragen
Ihre Resultats-Entwicklung
Sie haben dieses Quiz seit der letzten Aktualisierung nicht gespielt